000 01698cam a22004574i 4500
003 PE-LiUPU
005 20250731173441.0
008 150616s1977 miu rb 000 0 spa d
035 _a(Sirsi) a5715
040 _aPE-LiUPU
_bspa
_cPE-LiUPU
_erda
049 _aPRUA
082 0 4 _a234.107
_bH65
_221
100 1 _aHoekema, Antonio,
_eautor.
245 1 1 _a¿Qué de las lenguas?.
264 1 _aGrand Rapids, Michigan :
_bSubcomisión Literatura Cristiana de la Iglesia Cristiana Reformada,
_c1977.
300 _a107 páginas ;
_c22 centímetros
336 _atext
_2rdacontent
337 _aunmediated
_2rdamedia
338 _avolume
_2rdacarrier
504 _aIncluye bibliografía.
505 0 _aLa historia del hablar en lenguas -- El significado de hablar en lenguas para los pentocostales -- Una evaluación teológica del hablar en lenguas -- Lo que podemos aprender del movimiento que habla en lenguas.
526 _aSEG42
526 _aSEG41
526 _aSEG40
526 _aSEG39
526 _aP94
526 _aP87
526 _aP86
526 _aP85
526 _aP77
526 _aP76
526 _aP35
650 0 4 _aDones espirituales - Estudio.
910 _ajck
_bjvq
_cjck
942 _2ddc
_cBOOK
949 _a234.107 H65
_wDEWEY
_c1
_i39339
_lCCODEBUL1
_mBUL
_p37.00
_r0
_sY
_tBOOK
_u19951002
_xTEOLOGIA
_zUNKNOWN
_0COMPRA
_o.STAFF. Colección Teología
994 _aC0
_bPEPRU
596 _a1
999 _a234.107 H65
_wDEWEY
_c56774
_i39339
_d56774
_e2017-5-29
_f2021-11-10
_g5
_lCCODEBUL1
_mBUL
_n2
_p37.00
_r0
_sY
_tBOOK
_u2015-6-16
_xTEOLOGIA
_PP35
_0COMPRA
_o.STAFF. Colección Teología
980 _81
_gALBERTO SANCHEZ Responsable de Automatización